Normal view
MARC view
- DE-MECH-34
Entry Topical Term
001 - CONTROL NUMBER
- control field: 70789
003 - CONTROL NUMBER IDENTIFIER
- control field: NUST
005 - DATE AND TIME OF LATEST TRANSACTION
- control field: 20210628204543.0
008 - FIXED-LENGTH DATA ELEMENTS
- fixed length control field: 210628|| aca||aabn | a|a d
040 ## - CATALOGING SOURCE
- Original cataloging agency: NUST
- Transcribing agency: NUST
150 ## - HEADING--TOPICAL TERM
- Topical term or geographic name entry element: DE-MECH-34
670 ## - SOURCE DATA FOUND
- Source citation: Work cat.: (NUST): NS ABDUL HASEEB SYED NS HARIS ZAFAR NS RAJA M. ASIM FEROZ 70788, PR-SOF-1519-DESIGN AND FABRICATION OF SPEED BREAKER TO GENERATE ELECTRICITY USING RACK & PINION ARRANGEMENT, 2016
